Normal view
MARC view
- Ridgelyt, J.E Ringgenberg. J.D
Entry Corporate Name
001 - CONTROL NUMBER
- control field: 113979
003 - CONTROL NUMBER IDENTIFIER
- control field: NUST
005 - DATE AND TIME OF LATEST TRANSACTION
- control field: 20230804182403.0
008 - FIXED-LENGTH DATA ELEMENTS
- fixed length control field: 230804|| aca||aabn | a|a d
040 ## - CATALOGING SOURCE
- Original cataloging agency: NUST
- Transcribing agency: NUST
110 ## - HEADING--CORPORATE NAME
- Corporate name or jurisdiction name as entry element: Ridgelyt, J.E Ringgenberg. J.D
670 ## - SOURCE DATA FOUND
- Source citation: Work cat.: (NUST): Auslander, D.M 113978, Control Software for Mechanical Systems, 2002.
